[Cómo hablan los jóvenes de hoy. El habla de los jóvenes mexicanos en Veracruz]
Saved in:
| Main Author: | |
|---|---|
| Format: | Book Chapter |
| Language: | Spanish |
| Tags: |
No Tags, Be the first to tag this record!
|
MARC
| LEADER | 00000naa a2200000 4500 | ||
|---|---|---|---|
| 001 | 0160587 | ||
| 005 | 20240502072802.8 | ||
| 041 | 0 | |a spa | |
| 044 | |a SK | ||
| 245 | 1 | 0 | |a [Cómo hablan los jóvenes de hoy. El habla de los jóvenes mexicanos en Veracruz] |c Mónica Sánchez Presa |
| 100 | 1 | |a Sánchez Presa, Mónica | |